1008 1260 1027 1185 1720 1718 1950 1715 1841 1487 1118 1500 1072 1254 1011 1612 1039 1087 1941 1482 1441 1348 1982 1219 1394 1973 1498 1906 1032 1183 1260 1064 1668 1367 1424 1269 1048 1255 1682 1853 1180 1587 1298 1247 1652 1375 1227 1211 1591 1503 1427 1881 1390 1507 1611 1147 1184 1469 1227 1814 1147 1791 1628 1269 1581 1234 1545 1485 1250 1007 1351 1652 1889 1018 1837 1996 1020 1359 1789 1867 1401 1379 1215 1882 1856 1326 1043 1742 1098 1048 1593 1920 1830 1261 1907 1989 1229 1254 1231 BCNSPRNW ULIB Ver.6.0+V

เปลี่ยนเป็นภาษาไทย

Change to English
 แสดงรายละเอียดบรรณานุกรม
  กลับหน้าหลัก

Brief Record : Get Marc (ISO 2709) : E-mail record : QR code < ปิดหน้าต่าง
LEADER : 00000nam 2200000uu 4500
001    13399112524
003     ULIB
008    110822s2549||||th 000 0 tha d
020    9749434889
060 04 QV55^bจ136ค 2549
100 0  จตุพร กิ่งโพธิ์
245 10 คู่มือซื้อยาให้เป็น /^cเขียนและเรียบเรียง จตุพร กิ่งโพธิ์; บรรณาธิการ นิติศักดิ์ อัศวโชคอนันท์
260    กรุงเทพฯ :^bใกล้หมอ,^c2549
300    157 หน้า :^bภาพประกอบ ;^c21 ซม.
650  7 การใช้ยา^vคู่มือ
650  7 ยา^xการใช้และขนาด^vคู่มือ
700 0  นิติศักดิ์ อัศวโชคอนันท์,^eบรรณาธิการ
945    ^p155^l0^i24844
995    กัณชพร
999    ^aใช้งานได้ทุกระบบ
รายการนี้ยังไม่มีแท็ก
คุณยังไม่ได้ล็อกอิน คุณสามารถมีกิจกรรมร่วมกับเว็บไซต์ได้ แต่ต้องล็อกอินก่อน ::
  ล็อกอิน

รายการสื่อสารสนเทศ

ลำดับที่ ประเภท เลขเรียก/บาร์โค้ด สถานที่ สถานะ
- ไม่พบข้อมูล -

BibComment


ยังไม่เคยถูกคอมเมนท์

คอมเมนท์ทรัพยากรรายการนี้
  คอมเมนท์: คู่มือซื้อยาให้เป..


 Copyright 2026. Bcnsprnw @Library